Online
Catalog

Pinar del Río : (Record no. 22837)

MARC details
000 -CABECERA
campo de control de longitud fija 00740nam a2200217 a 4500
001 - NÚMERO DE CONTROL
campo de control 000023340
005 - FECHA Y HORA DE LA ÚLTIMA TRANSACCIÓN
campo de control 20200930022142.0
008 - DATOS DE LONGITUD FIJA--INFORMACIÓN GENERAL
campo de control de longitud fija 101202s1999 cu ab r 000 0 spa d
020 ## - NÚMERO INTERNACIONAL ESTÁNDAR DEL LIBRO
Número Internacional Estándar del Libro 9590901670
040 ## - FUENTE DE LA CATALOGACIÓN
Centro catalogador/agencia de origen DO-SdBNP
Lengua de catalogación spa
Centro/agencia transcriptor BNPHU
082 ## - NÚMERO DE LA CLASIFICACIÓN DECIMAL DEWEY
Número de clasificación nnnn
Número de documento/Ítem T153p
049 ## - FONDOS LOCALES (OCLC)
Fondos de biblioteca BNGR
100 1# - ENTRADA PRINCIPAL--NOMBRE DE PERSONA
Nombre de persona Tamayo Torres, Guillermo,
9 (RLIN) 48075
245 10 - MENCIÓN DE TÍTULO
Título Pinar del Río :
Resto del título turismo verde /
Mención de responsabilidad, etc. Guillermo Tamayo Torres ; edición de José Amieva Dalboys.
260 ## - PUBLICACIÓN, DISTRIBUCIÓN, ETC.
Lugar de publicación, distribución, etc. La habana, Cuba :
Nombre del editor, distribuidor, etc. José Martí,
Fecha de publicación, distribución, etc. 1999.
300 ## - DESCRIPCIÓN FÍSICA
Extensión 105, [2] p. :
Otras características físicas il., mapas ;
Dimensiones 20 cm.
490 1# - MENCIÓN DE SERIE
Mención de serie Conozca Cuba
504 ## - NOTA DE BIBLIOGRAFÍA, ETC.
Nota de bibliografía, etc. Incluye referencias bibliográficas y notas al pie de las páginas.
700 1# - PUNTO DE ACCESO ADICIONAL--NOMBRE DE PERSONA
Nombre de persona Amieva Dalboys, José,
Término indicativo de función/relación ed.
9 (RLIN) 48076
830 #0 - PUNTO DE ACCESO ADICIONAL DE SERIE-TÍTULO UNIFORME
Título uniforme Conozca Cuba
9 (RLIN) 48077
Holdings
Estado de retiro Estado de pérdida Restricciones de uso No para préstamo Código de colección Localización permanente Ubicación/localización actual Ubicación en estantería Fecha de adquisición Número de inventario Total de préstamos Signatura topográfica completa Código de barras Fecha visto por última vez Precio válido a partir de Tipo de ítem Koha
    Préstamo interno   Monografías: Libros y Folletos General General En catalogación 02.12.2010 LF1   nnnn T153p 23340-10 25.06.2020 25.06.2020 Préstamo interno

Powered by Koha